000 007200000a22001210004500
100 1 _aAcosta, Milton
245 1 0 _aEthnicity and the people of God.
300 _aVo.34, no.1 (jun., 2010),p.58-70
520 _aHay un elemento de nuestro entendimiento bíblico y el discurso cristiano que debe ser revisado por lo menos en los círculos populares del cristianismo, que incluye, por cierto, la mayoría de los cristianos en el mundo: la identidad del pueblo de Dios con respecto a raza y etnia. Las cuestiones de etnia, cultura, identidad nacional y la nacionalidad son más bien complejos,pero hay al menos un mínimo que se puede decir.
650 1 4 _aETNICIDAD
773 0 _tEvangelical Review of Theology
942 _cANA
999 _c63059
_d63059